01721nam a2200325 a 4500001001000000003000900010005001700019007000300036008004100039020001500080020001800095040002500113082002400138100003600162245009300198260004200291300005300333504003300386505027600419590002700695650003400722651007300756910003700829942001400866952012700880952012701007952012101134952012701255999001301382000000650DO-SdBNP20241028100804.0ta090331s2003 dr a 000 0 spa  a9993422460 a9789993422464 aDO-SdBNPbspacBNPHU 4a304.84607293bP644i1 aPimentel Paulino, Alcides9217510aInmigración y globalización :bdominicanos en España /cAlcides Pimientel Paulino. aSanto Domingo :bNuevo Diario,c2003. a247 p. :bil., cuadros, grafcs., mapas ;c24 cm. aBibliografía : p. 241-245.2 tContiene: presentación --tInmigración y globalización --tEvolución histórica de las migraciones dominicanas --tDominicanos en España --tBarcelona y la comunidad dominicana --tPsicología, sociología y cultura dominicana --tGlosario --tBibliografía aInventariado, 2023/MFF 0aDominicanos en España92176 4aRepública DominicanaxEmigración e InmigraciónxHistoria92177 aValidado. Control de calidad MFF 2ddccLBS1 00102ddc56708DSaBNPHUbBNPHUcHDd2009-08-25oBNPHU DS 304.84607293 P644ip650-30r2020-06-25te. 3w2020-06-25yLBS1 00112ddc56708DSaBNPHUbBNPHUcMId2014-03-12oBNPHU DS 304.84607293 P644ip650-40r2020-06-25te. 4w2020-06-25yLBS1 00102ddc51708PDaBNPHUbBNPHUcHDd2009-08-25oBNPHU PD 304.84607293 P644ip650-10r2020-06-25w2020-06-25yLBS1 00102ddc51708PDaBNPHUbBNPHUcHDd2009-08-25oBNPHU PD 304.84607293 P644ip650-20r2020-06-25te. 2w2020-06-25yLBS1 c647d647